Statistiques concernant Capitale par pays #2

Cliquez ici pour prendre le quiz!

Statistiques générales

  • Ce quiz a été pris 353 fois
  • Le résultat moyen est 7 sur 10

Statistiques - réponses

HintRéponse% Correct
GrèceAthènes
89%
SuèdeStockholm
88%
ThaïlandeBangkok
84%
Afrique du sudPretoria,Le Cap et Bloemfontein
83%
SénégalDakar
78%
AfghanistanKaboul
75%
MonténégroPodgorica
65%
TuvaluFunafuti
63%
GabonLibreville
61%
SurinameParamaribo
57%

Distribution des résultats

Percentile par nombre de réponses

% des personnes avec chaque résultat

Votre développement - résultats

Vous n’avez pas pris ce quiz